Celkové pojistné se v roce 2016 v Evropě snížilo

Federácia Insurance Europe (IE) zverejnila 28. februára 2018 publikáciu European Insurance in Figures (Európske poisťovníctvo v číslach), ktorá obsahuje súhrnné výsledky európskych poisťovní za rok 2016. Publikácia obsahuje stručnú analýzu prostredia, v ktorom sa poisťovne pohybujú, celkový prehľad...

Full description

Saved in:
Bibliographic Details
Main Author: Mesršmíd, Jaroslav
Format: Book Chapter
Language:Czech
Subjects:
Tags: Add Tag
No Tags, Be the first to tag this record!

MARC

LEADER 00000nla a2200000 4500
001 0247480
005 20240417075145.0
041 0 |a cze 
044 |a CZ 
245 1 0 |a Celkové pojistné se v roce 2016 v Evropě snížilo  |c Jaroslav Mesršmíd 
520 |a Federácia Insurance Europe (IE) zverejnila 28. februára 2018 publikáciu European Insurance in Figures (Európske poisťovníctvo v číslach), ktorá obsahuje súhrnné výsledky európskych poisťovní za rok 2016. Publikácia obsahuje stručnú analýzu prostredia, v ktorom sa poisťovne pohybujú, celkový prehľad o vývoji európskeho poistného trhu i hodnotenie trhu životného a neživotného poistenia. Top 20 poisťovacích skupín. 
610 2 0 |a poisťovníctvo 
610 2 0 |a poisťovne 
610 2 0 |a poistenie životné 
610 2 0 |a poistenie neživotné 
610 2 0 |a štatistika 
610 2 0 |a Európa 
100 1 |a Mesršmíd, Jaroslav